000 00474nam a2200181Ia 4500
001 3481
005 20260306145646.0
008 260306t2017||||xx |||||||||||||| ||spa||
041 _aESP
082 _a279.854092
_bS24 T. 2
100 _aSánchez Rodrìguez, Julio
_eAUT
245 0 _aLuis de la Encina, obispo de Arequipa y su paje Antonio Pereira
260 _c2017
300 _a591 páginas :
_c29 cm.
650 _aGEN
654 _aCHU
942 _cLIB
_dJUS
_fJUS
_2ddc
_n
999 _c3481
_d3481